| 000 | 00628cam a22002411 4500 | ||
|---|---|---|---|
| 001 | sa 68015088 | ||
| 003 | DLC | ||
| 005 | 20260227112640.0 | ||
| 008 | 900202s1967 ii c 000 1 kano | ||
| 010 | _asa 68015088 | ||
| 035 | _a(OCoLC)20992910 | ||
| 040 |
_aDLC _cWaU _dDLC |
||
| 042 | _apremarc | ||
| 050 | 0 | 0 |
_aPL4658 _b.R33 |
| 100 | 1 |
_aRaṅganāthan, Mākvinakere, _d1943- |
|
| 245 | 1 | 0 | _aDiganta. |
| 260 | _c[1967] | ||
| 300 |
_axiv, [9]-783 p. _bport. _c23 cm. |
||
| 500 | _aIn Kannada. | ||
| 650 | 0 | _aShort stories, Kannada. | |
| 700 | 1 | _aCaḍaga, Sūryanārāyaṇa. | |
| 700 | 1 |
_aBallal, N. Narayana, _d1937- |
|
| 999 |
_c86221 _d86221 |
||